000 00929nam a2200181Ia 4500
008 240822s9999 xx 000 0 und d
020 _a9780241436493
_qhbk
041 _aeng
082 _a741.5
_bORW
100 _aOrwell, George
245 0 _aNineteen Eighty-Four (Graphic Novel)
_c/ Orwell, George
250 _a1st ed.
260 _bPenguin Classics
_c2021
_aLondon
300 _a222 p.
_b: chiefly ill.
_c; 28 cm.
520 _aWinston Smith, an outwardly obedient citizen of Airstrip One, dreams secretly of truth and freedom - but his rebellion will come at a terrible cost. George Orwell's dark masterpiece has enthralled readers for over seventy years. Now the dystopian world of Big Brother, telescreens, the Thought Police and Room 101 is vividly brought to new life in this first ever graphic novel adaptation, illustrated by acclaimed artist Fido Nesti.
650 _aScience fiction comics
942 _cENGLISH
999 _c527443
_d527443